000 00583nam a2200193 i 4500
001 70207
003 ES-MaACL
005 20250704063113.0
007 t|
008 040720s1967 sp ||||1| spa d
100 1 _aGarcía-Posada, Miguel,
_d1944-2012
_955131
245 1 3 _aEl paraiso y las hachas /
_cMiguel García-Posada.
260 _aArcos de la Frontera :
_b[s.n.,
_c1967] (
_eJérez :
_fGrafibérica)
300 _a133 p. ;
_c17 cm.
490 1 _aAlcaravan
830 0 _aAlcaraván
_9183533
852 _aES-MaACL
_jC-31941
_bR.62330
999 _c70207
_d70207